Ogilvy & publicidad
| Main Author: | |
|---|---|
| Format: | Section = Libro |
| Language: | Undetermined Spanish |
| Published: |
Barcelona
Folio
1983
|
| Subjects: |
| LEADER | 00449nam a2200181Ia 4500 | ||
|---|---|---|---|
| 008 | 240829s9999 xx 000 0 und d | ||
| 020 | |a 84-85902-80-7 | ||
| 040 | |a BIBLIOTECA-RUSB/ 659 O34 | ||
| 041 | |a spa | ||
| 082 | |a 659 O34 | ||
| 100 | 1 | |a Ogilvy, David | |
| 245 | 1 | 0 | |a Ogilvy & publicidad |
| 260 | |a Barcelona |b Folio |c 1983 | ||
| 300 | |a 224 p. :il. | ||
| 650 | 7 | |a PUBLICIDAD Y RELACIONES CON EL PUBLICO | |
| 942 | |c BK |2 ddc | ||
| 991 | |a TEXTO | ||
| 999 | |c 4283 | ||